| 000 | 00714nam a2200217Ia 4500 | ||
|---|---|---|---|
| 005 | 20260601193258.0 | ||
| 008 | 260601s9999||||xx |||||||||||||| ||und|| | ||
| 020 |
_a978-3-031-72284-4 _qebk |
||
| 100 | _aA. Mirzazadeh | ||
| 245 | 0 | _aScience, Engineering Management and Information Technology | |
| 250 | _a2024 | ||
| 260 |
_aHeidelberg, Germany _bSpringer Nature _c2024 |
||
| 440 | _aCommunications in Computer and Information Science | ||
| 650 | _aComputer Science | ||
| 700 | _aBabek Erdebilli | ||
| 700 | _aEfran Babaee Tirkolaee | ||
| 700 | _aGerhard-Wilhelm Weber | ||
| 700 | _aZohreh Molamohamadi | ||
| 856 | _uhttps://link.springer.com/openurl?genre=book&isbn=978-3-031-72284-4 | ||
| 942 |
_cEB _2ddc |
||
| 999 |
_c56945 _d56945 |
||